000
00402nam a2200145Ia 4500
008
090124s9999 xx 000 0 und d
082
_b
305190
245
_a
बंधन सुखाचे
250
_a
1
260
_b
देशपांडे शैलजा
_c
2005
300
_a
100
630
_a
बंधन सुखाचे
730
_a
बंधन सुखाचे
942
_c
BOOK
999
_c
195168
_d
195168